000 00557cam a2200217 4500
008 090401t1996 xxu||||| |||| 00| 0 eng d
020 _a0333537041
035 _a(Sirsi) u49926
041 _aeng
050 _a696
100 _aHassan, George
245 _aBuilding services
260 _aBasingstoke
_bMacMillan
_c1996
300 _axv,472p. : ill. ; 24cm.
350 _a29.99
490 _aMacmillan Building and Surveying Series
650 _aBlock management
_96220
690 _aBlock management
_96220
942 _n0
948 _c04/03/1997
999 _c92623
_d92623